000 00873nam a2200241 a 4500
001 000027159
005 20200930030636.0
008 110330s1997 dr ab 000 0 spa d
040 _aDO-SdBNP
_bspa
_cBNPHU
082 _a929.92
_bM433b, 1997
100 1 _aMatos G., Ramiro
_938533
245 1 3 _aLa bandera y el escudo dominicano :
_bescudos heráldicos y otras banderas que han tremolado en la isla /
_cRamiro Matos G.
250 _a2a ed.
260 _aSanto Domingo :
_bUniversidad Tecnológica del Sur,
_c1997.
300 _a401 p. :
_bil., mapa ;
_c23 cm.
490 1 _aColección UTESUR
_v1
504 _aBibliografía : p. 387-390
590 _aInventariado, 2020/YL
650 4 _aEscudos nacionales
_954219
650 4 _aBanderas
_zRepública Dominicana
_xHistoria
_954220
830 0 _aColección UTESUR
_v1
_954221
910 _aValidado. Control de calidad BNPHU
999 _c26651
_d26651